000 00801cam a2200229 a 4500
020 _a0803104197
040 _cDLC
082 0 0 _a620 AST 1985 A045 Or.
245 0 0 _aElastic-plastic fracture test methods :
_bthe user's experience : a symposium, Louisville, KY, 20-22 April 1983 /
260 _aPhiladelphia, PA :
_bASTM,
_cc1985.
300 _a424 p. :
_bill. ;
_c24 cm.
500 _aPapers presented at the Symposium on User's Experience with Elastic-Plastic Fracture Toughness Test Methods.
500 _a"ASTM publication code number (PCN) 04-856000-30."
650 0 _aFracture mechanics
650 0 _aMaterials
650 0 _aElasticity
650 0 _aPlasticity
700 1 _aWessel, E. T.
700 1 _aLoss, F. J.
710 2 _aASTM Committee E-24 on Fracture Testing.
942 _cEK
999 _c13130
_d13130